| 000 | 01524nam0a22003011 4500 | ||
|---|---|---|---|
| 001 | rc\4171498 | ||
| 005 | 20260406221705.0 | ||
| 021 |
_aRU _b[54-47957] |
||
| 035 | _a(NLR Aleph) 008183558 | ||
| 090 |
_a7931088 _c7931088 |
||
| 100 | _a20130415d1954 |||y0rusy50 ca | ||
| 101 | 0 | _arus | |
| 102 | _aRU | ||
| 105 | _ay c ||||| | ||
| 200 | 1 |
_aТехнические указания по обеззараживанию посадочного материала _eУтв. 29/VI-1954 г. _fМ-во сельского хозяйства СССР. Упр. по карантину и борьбе с вредителями с.-х. растений |
|
| 210 |
_aМосква _cИзд-во М-ва сел. хоз-ва СССР _d1954 |
||
| 215 |
_a44 с. _d20 |
||
| 300 | _aНа обороте тит. л. сост.: В.Э. Крейцберг, канд. с.-х. наук П.И. Митрофанов | ||
| 606 |
_aПосадочный материал _xОбеззараживание _2psbo |
||
| 702 | 1 |
_aКрейцберг _bВ.Э. _4220 |
|
| 702 | 1 |
_4220 _7ca _8rus _aМитрофанов _bП.И. _cд-р зоологии _f1857-1920 _gПавел Ильич _9215016 _3RU\NLR\AUTH\770215072 |
|
| 712 | 0 | 1 |
_aСССР _bУправление по карантину и борьбе с вредителями сельскохозяйственных растений _3RU\NLR\AUTH\889976494 _9449765 |
| 801 | 0 |
_aRU _bNLR _gpsbo |
|
| 801 | 1 |
_aRU _bELAR _2rusmarc |
|
| 852 |
_aNLR _jС70 Г-4/840 |
||
| 942 | _cBOOK | ||
| 980 | _aNB | ||